000 00421nam a22001577a 4500
082 _aCP-46
100 _aDr Sohail Malik
_950990
245 _aConstruction Project Management
_bCE-371
250 _a2016
260 _aMCE
_bCourse Pack
_c 2016.
300 _aVerable pages
_bHB;
_c30 cm
526 _a0
_b0
_c0
_dCP_46
650 _aCourse Pack
700 _aAbdul Qadir Arshad;Zeeshan Haider
_950991
942 _2ddc
_cBKB
999 _c553727
_d553727